| 000 | 00626nmc a2200241 a 4500 | ||
|---|---|---|---|
| 003 | AR-BaBNM | ||
| 005 | 20251128211548.0 | ||
| 008 | 264120s1997 ||||||||||||||000 | spa|| | ||
| 020 | _a987-503-016-3 | ||
| 040 | _cAR-BaBNM | ||
| 100 | 1 | _aMontes, Graciela | |
| 245 | 1 | 0 | _aArturo, el dueño de la espada |
| 260 |
_aBuenos Aires _bGramón-Colihue _c1997 |
||
| 300 |
_a31 p. _bil. |
||
| 490 | 0 | _aLa mar de cuentos | |
| 650 | 4 | _aLIBROS PARA NINOS | |
| 653 | _aLITERATURA JUVENIL | ||
| 653 | _aADAPTACIONES LITERARIAS | ||
| 655 | _aLITERATURA | ||
| 700 | 1 |
_aRojas, Oscar _eilustrador |
|
| 942 | _cBK | ||
| 998 | _cEugenia | ||
| 999 |
_c20194 _d20194 |
||